| 000 | 00563nam a22002057a 4500 | ||
|---|---|---|---|
| 003 | OSt | ||
| 005 | 20140310183101.0 | ||
| 008 | 130301t xxu||||| |||| 00| 0 eng d | ||
| 020 | _a9710863703 | ||
| 050 |
_aQD261 _b.V864 2003 |
||
| 082 |
_aFil 547.07802 _bV82 2003 |
||
| 245 |
_aLaboratory Manual in Basic Organic Chemistry _c Vizconde, Arturo D. |
||
| 260 |
_aMandaluyong City _bNational Book Store _cc2003 |
||
| 300 |
_a93 p. _c28 cm. |
||
| 521 | _aCollege Students | ||
| 526 | _c1210L-1700L | ||
| 541 | _j1 | ||
| 562 | _e1 | ||
| 942 |
_2lcc _cBK _kFIL |
||
| 999 |
_c18731 _d18731 |
||